000 01024nas a2200313 4500
001 BR0404315
003 BR-BrBNA
005 20231205104809.0
007 ta
008 230509b bl.|||p| |||| 00| 00por d
040 _aBR-BrBNA
_bpor
_cBiblioteca Nacional de Agricultura
041 _a(Pt)
072 _aM11
100 1 _aGraça-Lopes, R. da
100 1 _aPuzzi, A.
100 1 _aSeverino-Rodrigues, E.
100 1 _aBartolotto, A. dos S.
100 1 _aGuerra, D.S.F.
100 1 _aFigueiredo, K.T.B. de
245 1 _aComparação entre a produção de camarão-sete-barbas e de fauna acompanhante pela frota-de-pequeno-porte sediada na praia de Perequê, Estado de São Paulo, Brasil
650 _aCAMARÃO SETE BARBAS
650 _aPESCA ARTESANAL
650 _aCAPTURA
650 _aESPÉCIE
650 _aSÃO PAULO
773 0 _tBoletim do Instituto de Pesca (Brazil)
_xISSN 0046-9939
_g(2002), v. 28(2) p. 189-194
_wBR0404315
909 _a202311
_bLúcia
_c55
_dLúcia Elande
942 _2AGRIS
_n0
_cANA
999 _c179727
_d179727